1974 1831 1570 1640 1005 1564 1949 1534 1900 1770 1643 1847 1607 1004 1077 1539 1926 1609 1497 1390 1834 1523 1433 1676 1300 1071 1100 1914 1204 1044 1497 1334 1953 1918 1191 1953 1263 1807 1532 1029 1927 1775 1018 1736 1606 1505 1363 1525 1781 1766 1752 1998 1193 1712 1285 1557 1841 1240 1019 1081 1755 1728 1425 1434 1697 1178 1918 1463 1980 1836 1916 1478 1724 1616 1693 1368 1283 1566 1348 1914 1199 1493 1268 1227 1131 1513 1455 1803 1708 1922 1114 1849 1385 1106 1414 1779 1111 1730 1228 BCNSPRNW ULIB Ver.6.0+V

เปลี่ยนเป็นภาษาไทย

Change to English
 แสดงรายละเอียดบรรณานุกรม
  กลับหน้าหลัก

Brief Record : Get Marc (ISO 2709) : E-mail record : QR code < ปิดหน้าต่าง
LEADER : 00000nam 2200000uu 4500
001    13399111245
003     ULIB
008    110621s||||||||th 000 0 tha d
020    9749405501
020    9789749405505
050  4 BF698^bจ619ก 2549
100 0  จุฑา บุรีภักดี
245 10 การพัฒนาบุคลิกภาพ = Personality Development /^cเรียบเรียงโดย จุฑา บุรีภักดี
246 31 Personality Development
250    พิมพ์ครั้งที่ 4
260    กรุงเทพฯ :^bSmile Print,^c2549
300    170 หน้า :^bภาพประกอบ ;^c26 ซม.
650  7 บุคลิกภาพ
650  7 บุคลิกภาพ, การพัฒนา
945    ^p200^l0^i027491
945    ^p200^l0^i027490
995    ทศพร
999 ^a ใช้งานได้ทุกระบบ
รายการนี้ยังไม่มีแท็ก
คุณยังไม่ได้ล็อกอิน คุณสามารถมีกิจกรรมร่วมกับเว็บไซต์ได้ แต่ต้องล็อกอินก่อน ::
  ล็อกอิน

รายการสื่อสารสนเทศ

ลำดับที่ ประเภท เลขเรียก/บาร์โค้ด สถานที่ สถานะ
- ไม่พบข้อมูล -

รายการใกล้เคียง
    หัวเรื่อง [บุคลิกภาพ]
    หัวเรื่อง [บุคลิกภาพ, การพัฒนา]

BibComment


ยังไม่เคยถูกคอมเมนท์

คอมเมนท์ทรัพยากรรายการนี้
  คอมเมนท์: การพัฒนาบุคลิกภาพ..


 Copyright 2026. Bcnsprnw @Library